Every James Bond Title Word Quiz Stats

 Plays Quiz Updated Nov 6, 2015

Challenge
Share
Tweet
Embed
Score 0/60 Timer 06:00
3 Plays Today
Title Words % Correct
A
95.8%
The
94.5%
Die
90.9%
No
90.6%
Casino
90.4%
Royale
89.3%
With
88.8%
Golden
87.9%
Dr.
86.6%
Love
86.3%
To
85.9%
On
84.6%
Goldfinger
83.3%
Live
83.1%
Octopussy
80.4%
Day
79.9%
Gun
79.9%
Man
79.2%
Skyfall
78.9%
Russia
77.4%
Quantum
76.9%
Of
76.8%
Solace
76.7%
From
75.8%
You
75.4%
And
75.4%
Her
74.6%
Moonraker
74.5%
For
74.2%
Spectre
73.5%
Title Words % Correct
Service
73.2%
Never
72.5%
Majesty's
72.5%
Secret
72.1%
Kill
72.1%
Another
72%
Only
71.9%
GoldenEye
70.1%
Spy
68.6%
Me
68.5%
Who
68.4%
Let
68.2%
Loved
64.5%
Is
64.4%
Not
63.4%
Twice
63.3%
Tomorrow
63.2%
Are
63%
Thunderball
62.8%
Diamonds
62.2%
Forever
61.3%
World
61.2%
Enough
59.8%
View
59%
Dies
57.6%
Licence
54.8%
Your
53.4%
Living
53.2%
Daylights
52.6%
Eyes
49%

You're not logged in!

Compare scores with friends on all Sporcle quizzes.
Join for Free
OR
Log In

You Might Also Like...

Show Comments

Extras

Top Quizzes Today


Score Distribution

Your Account Isn't Verified!

In order to create a playlist on Sporcle, you need to verify the email address you used during registration. Go to your Sporcle Settings to finish the process.

Report this User

Report this user for behavior that violates our Community Guidelines.

Details: